[Event "Ostrava Konik op-A"]
[Site "Ostrava"]
[Date "2016.05.02"]
[Round "3"]
[White "Stehlik, Jiri"]
[Black "Pavera, Vit"]
[Result "1/2-1/2"]
[WhiteElo "2005"]
[BlackElo "1980"]
[PlyCount "123"]
[EventDate "2016.04.30"]
[EventType "swiss"]
[EventRounds "9"]
[EventCountry "CZE"]
[SourceTitle "CBM 172 Extra"]
[Source "ChessBase"]
[SourceDate "2016.06.21"]
[SourceVersion "1"]
[SourceVersionDate "2016.06.21"]
[SourceQuality "1"]

1. Nf3 Nf6 2. b3 d5 3. Bb2 c5 4. g3 Nc6 5. Bg2 e6 6. c4 Be7 7. 0-0 0-0 8. e3 Re8 9. d3 Bf8 10. Nc3 a6 11. Re1 Rb8 12. a4 b6 13. Qe2 Bb7 14. Rad1 Qc7 15. Ba1 Rbd8 16. Rc1 e5 17. cxd5 Nxd5 18. Nxd5 Rxd5 19. Red1 Rd6 20. Bc3 Qd7 21. Ne1 f5 22. Qb2 f4 23. b4 fxe3 24. fxe3 cxb4 25. Bxb4 Nxb4 26. Qxb4 Bxg2 27. Kxg2 Rh6 28. Qc4+ Kh8 29. Rc2 Bc5 30. Qe4 Rf8 31. Nf3 Qh3+ 32. Kg1 Qf5 33. Nxe5 Qxe4 34. dxe4 Bxe3+ 35. Kg2 Bc5 36. Nd7 Rd8 37. Rcd2 Kg8 38. Nxc5 Rxd2+ 39. Rxd2 bxc5 40. Rd8+ Kf7 41. Rc8 Rb6 42. Rxc5 Rb4 43. Ra5 Rxe4 44. Rxa6 Re3 45. h4 h5 46. a5 Ra3 47. Kf2 Kg8 48. Ra7 Kh7 49. a6 Kg8 50. Ra8+ Kh7 51. a7 g6 52. Ke2 Kg7 53. Kd2 Kh7 54. Kc2 Kg7 55. Kb2 Ra4 56. Kb3 Ra5 57. Kb4 Ra1 58. Kc5 Rc1+ 59. Kd4 Ra1 60. Ke4 Ra4+ 61. Kf3 Ra3+ 62. Kf4 1/2-1/2

[Event "Ostrava Konik op-A"]
[Site "Ostrava"]
[Date "2012.05.01"]
[Round "4"]
[White "Pavera, Vit"]
[Black "Bukhteeva, Viktoria"]
[Result "0-1"]
[WhiteElo "2004"]
[BlackElo "2173"]
[PlyCount "36"]
[EventDate "2012.04.28"]
[EventType "swiss"]
[EventRounds "9"]
[EventCountry "CZE"]
[SourceTitle "CBM 148 Extra"]
[Source "ChessBase"]
[SourceDate "2012.06.22"]
[SourceVersion "1"]
[SourceVersionDate "2012.06.22"]
[SourceQuality "1"]

1. c4 e5 2. Nc3 Nc6 3. g3 f5 4. Bg2 Nf6 5. b3 Bc5 6. e3 f4 7. Nge2 0-0 8. gxf4 Ng4 9. 0-0 exf4 10. Nxf4 Rxf4 11. h3 Nxf2 12. Rxf2 Rxf2 13. Kxf2 Qh4+ 14. Kg1 d5 15. Qf3 Be6 16. cxd5 Rf8 17. Qe2 Nd4 18. Qd1 Bxh3 0-1

[Event "Ostrava Konik op-A"]
[Site "Ostrava"]
[Date "2012.04.28"]
[Round "2"]
[White "Weissmann, Lukas"]
[Black "Pavera, Vit"]
[Result "1-0"]
[WhiteElo "2123"]
[BlackElo "2004"]
[PlyCount "101"]
[EventDate "2012.04.28"]
[EventType "swiss"]
[EventRounds "9"]
[EventCountry "CZE"]
[SourceTitle "CBM 148 Extra"]
[Source "ChessBase"]
[SourceDate "2012.06.22"]
[SourceVersion "1"]
[SourceVersionDate "2012.06.22"]
[SourceQuality "1"]

1. e4 c6 2. d4 d5 3. Nc3 dxe4 4. Nxe4 Bf5 5. Ng3 Bg6 6. h4 h6 7. h5 Bh7 8. Nf3 Nd7 9. Bd3 Bxd3 10. Qxd3 Ngf6 11. Bd2 e6 12. 0-0-0 Qc7 13. Ne4 Nxe4 14. Qxe4 Nf6 15. Qe2 0-0-0 16. g3 Bd6 17. c4 c5 18. Kb1 Qc6 19. Rhe1 Rhg8 20. Ne5 Bxe5 21. dxe5 Nd7 22. Ba5 b6 23. Rd6 Qb7 24. Bc3 Nb8 25. Red1 Rxd6 26. exd6 Nd7 27. Qg4 Qg2 28. Qf4 f6 29. Re1 Qh3 30. Qf3 Qf5+ 31. Qxf5 exf5 32. Re7 a6 33. Kc2 Ne5 34. Bxe5 fxe5 35. Rxe5 Kd7 36. Rxf5 Kxd6 37. Rf7 b5 38. Ra7 bxc4 39. Rxa6+ Kd5 40. Ra7 g6 41. Rd7+ Ke4 42. Kc3 gxh5 43. Kxc4 Rf8 44. a4 Rb8 45. b3 Rb4+ 46. Kc3 h4 47. gxh4 Ke5 48. a5 Rxh4 49. a6 Rf4 50. a7 Rf8 51. Kc4 1-0

[Event "Ostrava op"]
[Site "Ostrava"]
[Date "2010.05.04"]
[Round "4"]
[White "Stracanek, Jaroslav"]
[Black "Pavera, Vit"]
[Result "0-1"]
[WhiteElo "1845"]
[BlackElo "2015"]
[PlyCount "94"]
[EventDate "2010.05.01"]
[EventType "swiss"]
[EventRounds "9"]
[EventCountry "CZE"]
[SourceTitle "EXT 2011"]
[Source "ChessBase"]
[SourceDate "2010.11.26"]
[SourceVersion "1"]
[SourceVersionDate "2010.11.26"]
[SourceQuality "1"]

1. b3 e5 2. Bb2 Nc6 3. e4 Bc5 4. Nf3 d6 5. Be2 Nf6 6. d3 Be6 7. 0-0 h6 8. Nbd2 g5 9. c3 g4 10. Ne1 Qd7 11. b4 Bb6 12. a4 a6 13. b5 axb5 14. axb5 Na7 15. d4 exd4 16. cxd4 d5 17. e5 Nh5 18. g3 f5 19. exf6 Nxf6 20. Ng2 0-0-0 21. Nf4 Bf5 22. Nd3 Qxb5 23. Nb3 Bxd3 24. Bxd3 Qb4 25. Ba3 Qa4 26. Be7 Qc6 27. Bxd8 Rxd8 28. Bf5+ Kb8 29. Rc1 Qd6 30. Bxg4 Rg8 31. Bh3 h5 32. Nc5 h4 33. Qd3 Nc6 34. Rfe1 hxg3 35. hxg3 Ne4 36. Nxe4 dxe4 37. Rxe4 Bxd4 38. Rd1 Rxg3+ 39. Kf1 Rxd3 40. Rxd3 Qf6 41. f4 Bb6 42. Re8+ Ka7 43. Ra3+ Na5 44. f5 Qc6 45. Re1 Qh1+ 46. Ke2 Qh2+ 47. Kd1 Qd6+ 0-1